Swamy's compilation of F. R. & S. R / (Record no. 891749)
[ view plain ]
| 000 -LEADER | |
|---|---|
| fixed length control field | 01245nam a2200373 a 4500 |
| 001 - CONTROL NUMBER | |
| control field | vtls001438694 |
| 003 - CONTROL NUMBER IDENTIFIER | |
| control field | NLI |
| 005 - DATE AND TIME OF LATEST TRANSACTION | |
| control field | 20210627122020.0 |
| 008 - FIXED-LENGTH DATA ELEMENTS--GENERAL INFORMATION | |
| fixed length control field | 121130s1998 ii 000 0 eng |
| 020 ## - INTERNATIONAL STANDARD BOOK NUMBER | |
| Terms of availability | Rs. 34.00 (pbk) |
| 039 #9 - LEVEL OF BIBLIOGRAPHIC CONTROL AND CODING DETAIL [OBSOLETE] | |
| -- | 201211301643 |
| -- | VLOAD |
| 040 ## - CATALOGING SOURCE | |
| Original cataloging agency | NLI |
| Language of cataloging | eng |
| Transcribing agency | Datasoft_GENG |
| Description conventions | AACR2 |
| 041 0# - LANGUAGE CODE | |
| Language code of text/sound track or separate title | eng |
| 044 ## - COUNTRY OF PUBLISHING/PRODUCING ENTITY CODE | |
| MARC country code | ii |
| 082 04 - DEWEY DECIMAL CLASSIFICATION NUMBER | |
| Classification number | 342.54068 |
| 100 1# - MAIN ENTRY--PERSONAL NAME | |
| Personal name | Muthuswamy, P. |
| 9 (RLIN) | 990536 |
| 245 10 - TITLE STATEMENT | |
| Title | Swamy's compilation of F. R. & S. R / |
| Statement of responsibility, etc. | Muthuswamy and Brinda |
| 250 ## - EDITION STATEMENT | |
| Edition statement | 14th ed. |
| 260 ## - PUBLICATION, DISTRIBUTION, ETC. | |
| Place of publication, distribution, etc. | Madras : |
| Name of publisher, distributor, etc. | Swamy publishers, |
| Date of publication, distribution, etc. | 1998 |
| 300 ## - PHYSICAL DESCRIPTION | |
| Extent | -v ; |
| Dimensions | 22 cm. |
| 500 ## - GENERAL NOTE | |
| General note | Library has pt.3-5 |
| 505 0# - FORMATTED CONTENTS NOTE | |
| Formatted contents note | Pt.Dearness allowance.-pt.4- Dearness allowance.-pt.5.house rent allowance and compensatory (city) allowance |
| 650 #0 - SUBJECT ADDED ENTRY--TOPICAL TERM | |
| Topical term or geographic name entry element | Civil service |
| General subdivision | Law and legislation |
| Geographic subdivision | India |
| 9 (RLIN) | 990305 |
| 700 0# - ADDED ENTRY--PERSONAL NAME | |
| Personal name | Brinda, |
| Relationship | aut |
| 9 (RLIN) | 1001737 |
| 887 ## - NON-MARC INFORMATION FIELD | |
| Content of non-MARC field | |
| 901 ## - LOCAL DATA ELEMENT A, LDA (RLIN) | |
| a | DB60527 |
| b | 01.11.1991 |
| 9 | pt.3 |
| 901 ## - LOCAL DATA ELEMENT A, LDA (RLIN) | |
| a | DB72531 |
| b | 04.03.1998 |
| 9 | pt.4 |
| 901 ## - LOCAL DATA ELEMENT A, LDA (RLIN) | |
| a | DB60528 |
| b | 01.11.1991 |
| 9 | pt.5 |
| 902 ## - LOCAL DATA ELEMENT B, LDB (RLIN) | |
| a | E 342.54068 M 983 |
| 949 ## - LOCAL PROCESSING INFORMATION (OCLC) | |
| -- | VIRTUAITEM |
| -- | 10000 |
| -- | 100 |
| 6 | DBA000060527ENG |
| 9 | pt.3 |
| 942 ## - ADDED ENTRY ELEMENTS (KOHA) | |
| Source of classification or shelving scheme | Dewey Decimal Classification |
| Koha item type | Books |
| 949 ## - LOCAL PROCESSING INFORMATION (OCLC) | |
| -- | VIRTUAITEM |
| -- | 10000 |
| -- | 100 |
| 6 | DBA000072531ENG |
| 9 | pt.4 |
| 949 ## - LOCAL PROCESSING INFORMATION (OCLC) | |
| -- | VIRTUAITEM |
| -- | 10000 |
| -- | 100 |
| 6 | DBA000060528ENG |
| 9 | pt.5 |
| Withdrawn status | Lost status | Damaged status | Not for loan | Collection code | Home library | Current library | Shelving location | Date acquired | Total Checkouts | Full call number | Barcode | Date last seen | Price effective from | Koha item type |
|---|---|---|---|---|---|---|---|---|---|---|---|---|---|---|
| New English | National Library of India | National Library of India | New English - Main Stack Division | E 342.54068 M 983 | DBA000060527ENG | 27/06/2021 | 27/06/2021 | Books | ||||||
| New English | National Library of India | National Library of India | New English - Main Stack Division | E 342.54068 M 983 | DBA000072531ENG | 27/06/2021 | 27/06/2021 | Books | ||||||
| New English | National Library of India | National Library of India | New English - Main Stack Division | E 342.54068 M 983 | DBA000060528ENG | 27/06/2021 | 27/06/2021 | Books |
